Sociology / (Record no. 5046)
[ view plain ]
| 000 -LEADER | |
|---|---|
| fixed length control field | 00672nam a22002537i 4500 |
| 003 - CONTROL NUMBER IDENTIFIER | |
| control field | URS |
| 005 - DATE AND TIME OF LATEST TRANSACTION | |
| control field | 20220117120627.0 |
| 008 - FIXED-LENGTH DATA ELEMENTS--GENERAL INFORMATION | |
| fixed length control field | 180509b xxu||||| |||| 00| 0 eng d |
| 040 ## - CATALOGING SOURCE | |
| Original cataloging agency | TWSC |
| Description conventions | rda |
| Transcribing agency | URS |
| Language of cataloging | eng |
| 041 ## - LANGUAGE CODE | |
| Language code of text/sound track or separate title | eng |
| 050 14 - LIBRARY OF CONGRESS CALL NUMBER | |
| Classification number | HM51 |
| Item number | H64 1980 |
| 100 1# - MAIN ENTRY--PERSONAL NAME | |
| Personal name | Horton, Paul B. |
| 245 ## - TITLE STATEMENT | |
| Title | Sociology / |
| Statement of responsibility, etc. | Paul B. Horton.- |
| 250 ## - EDITION STATEMENT | |
| Edition statement | Fifth edition.- |
| 264 #1 - PRODUCTION, PUBLICATION, DISTRIBUTION, MANUFACTURE, AND COPYRIGHT NOTICE | |
| Place of production, publication, distribution, manufacture | New York : |
| Name of producer, publisher, distributor, manufacturer | McGraw-Hill, |
| Date of production, publication, distribution, manufacture, or copyright notice | [1980] |
| 264 #4 - PRODUCTION, PUBLICATION, DISTRIBUTION, MANUFACTURE, AND COPYRIGHT NOTICE | |
| Date of production, publication, distribution, manufacture, or copyright notice | ©1980 |
| 300 ## - PHYSICAL DESCRIPTION | |
| Extent | 526 pages : |
| Other physical details | illustrations ; |
| Dimensions | 23 cm |
| 336 ## - CONTENT TYPE | |
| Content type term | text |
| Content type code | txt |
| Source | rdacontent |
| 337 ## - MEDIA TYPE | |
| Media type term | unmediated |
| Media type code | n |
| Source | rdamedia |
| 338 ## - CARRIER TYPE | |
| Carrier type term | volume |
| Carrier type code | nc |
| Source | rdacarrier |
| 650 ## - SUBJECT ADDED ENTRY--TOPICAL TERM | |
| Topical term or geographic name entry element | Sociology. |
| 700 1# - ADDED ENTRY--PERSONAL NAME | |
| Personal name | Hunt,Chester L. |
| 942 ## - ADDED ENTRY ELEMENTS (KOHA) | |
| Source of classification or shelving scheme | Library of Congress Classification |
| Koha item type | Foreign Books |
| Withdrawn status | Source of classification or shelving scheme | Damaged status | Not for loan | Collection code | Home library | Current library | Shelving location | Date acquired | Source of acquisition | Total Checkouts | Full call number | Barcode | Date last seen | Price effective from | Koha item type |
|---|---|---|---|---|---|---|---|---|---|---|---|---|---|---|---|
| Library of Congress Classification | Non-fiction | Antipolo College Library | Antipolo College Library | On Display | 05/09/2018 | Purchased | HM51 .H64 1980 | URSANT-02317 | 05/09/2018 | 05/09/2018 | Foreign Books |